000 00441nam a2200145Ia 4500
008 231129s1987||||xx |||||||||||||| ||spa||
020 _a958-9012-02-7
040 _bspa
082 _a323.2 M717s
100 _aMolano Alfredo
245 0 _aSelva adentro: Una historia oral de la colonización del Guaviare
260 _c1987
264 _aBogotá Colombia : El íncora Editores
942 _2ddc
_cBKS
999 _c24442
_d24442